| 000 | 00391nam a2200145 i 4500 | ||
|---|---|---|---|
| 001 | 101552 | ||
| 003 | ES-MaACL | ||
| 005 | 20230906182930.0 | ||
| 007 | t| | ||
| 008 | 051020s1961 fr ||||1| fre d | ||
| 245 | 0 | 0 | _aMédecine officielle et médecines hérétiques. |
| 260 |
_aParis : _bLibrairie Plon, _c1945. |
||
| 300 |
_aIII, 342 p. ; _c19 cm. |
||
| 852 |
_aES-MaACL _jD-5524 _bR.31037 |
||
| 999 |
_c101552 _d101552 |
||